Les marques des F1 2023 (photo) - Statistiques

Statistiques générales
  • Ce quiz a été pris 261 fois
  • Le résultat moyen est 9 sur 10
Statistiques - réponses
Par images Réponse % Correct
Ferrari
98%
Mercedes
98%
RedBull
95%
Alpine
93%
McLaren
89%
Alfa Romeo
85%
Haas
83%
Williams
80%
Alpha Tauri
77%
Aston Martin
67%
Aucun quiz correspondant
Distribution des résultats
% des personnes avec chaque résultat
Percentile par nombre de réponses
Votre historique - résultats
Vous n’avez pas pris ce quiz